000 00284nam a22001337a 4500
008 170306b xxu||||| |||| 00| 0 eng d
020 _a2320016095400
041 _aeng
080 _a575
100 _a6
101 _aSHM
245 _aSCHIZOPHHRENIA
_cGOTTESMAN.I.I
942 _2udc
_cBK
999 _c6822
_d6822